000 00369nam a2200145Ia 4500
008 230917s9999||||xx |||||||||||||| ||und||
040 _e58886
_aMAIN
041 _aEnglish
082 _a297.63 M896L
100 _aMuir, William
245 4 _aThe life of machomet: from original sources
260 _aNew Delhi
_bVoice of India
_c1992
300 _a556 p.
942 _cBK
999 _c82937
_d82937